New Testament, Quran or Torah - Statistics

General Stats
  • This quiz has been taken 130 times
    127 since last reset
  • The average score is 8 of 15
Answer Stats
Question Answer % Correct
Do the disbelievers not see that the heavens and the earth were one mass, and We tore them apart? And We made from water every living thing. Will they not believe? Quran
76%
Those who believe, and those who are Jewish, and the Christians, and the Sabeans"”any who believe in God and the Last Day, and act righteously"”will have their reward with their Lord; they have nothing to fear, nor will they grieve. Quran
72%
But I say to you, Do not resist the one who is evil. But if anyone slaps you on the right cheek, turn to him the other also. New Testament
71%
Be merciful, even as your Father is merciful. New Testament
69%
You shall not murder. You shall not commit adultery. You shall not steal. Torah
62%
Your Lord did not abandon you, nor did He forget. And the Hereafter is better for you than the First. Quran
61%
We created man in the best design. Quran
61%
In their footsteps, We sent Jesus son of Mary, fulfilling the Torah that preceded him; and We gave him the Gospel, wherein is guidance and light, and confirming the Torah that preceded him, and guidance and counsel for the righteous. Quran
60%
But glory and honor and peace for everyone who does good, the Jew first and also the Greek. New Testament
55%
Blessed are the merciful, for they shall receive mercy. New Testament
51%
And if your hand causes you to sin, cut it off. It is better for you to enter life crippled than with two hands to go to hell, to the unquenchable fire. New Testament
50%
Your Lord has commanded that you worship none but Him, and that you be good to your parents. Quran
46%
You shall not curse the deaf or put a stumbling block before the blind, but you shall fear your God: I am the Lord. Torah
43%
For if a wife will not cover her head, then she should cut her hair short. But since it is disgraceful for a wife to cut off her hair or shave her head, let her cover her head. New Testament
30%
Woe to those who call evil good, And good evil. Who put darkness for lightand light for darkness.[...]Woe to those who are heroes at drinking wine, and valiant men in mixing strong drink. Torah
27%
No matching quizzes found
Score Distribution
Percent of People with Each Score
Percentile by Number Answered
Your Score History
You have not taken this quiz since the last reset